The man without qualities / (Record no. 20765)
[ view plain ]
| 000 -LEADER | |
|---|---|
| fixed length control field | 01330cam a22003375a 4500 |
| 003 - CONTROL NUMBER IDENTIFIER | |
| control field | EG-ScBUE |
| 005 - DATE AND TIME OF LATEST TRANSACTION | |
| control field | 20220404114008.0 |
| 008 - FIXED-LENGTH DATA ELEMENTS--GENERAL INFORMATION | |
| fixed length control field | 150831s2011 enk f 000 0 eng d |
| 020 ## - INTERNATIONAL STANDARD BOOK NUMBER | |
| International Standard Book Number | 1447211871 |
| 020 ## - INTERNATIONAL STANDARD BOOK NUMBER | |
| International Standard Book Number | 9781447211877 |
| 040 ## - CATALOGING SOURCE | |
| Original cataloging agency | EG-ScBUE |
| Language of cataloging | eng |
| Description conventions | rda |
| Transcribing agency | EG-ScBUE |
| Modifying agency | EG-ScBUE |
| 041 1# - LANGUAGE CODE | |
| Language code of text/sound track or separate title | eng |
| Language code of original and/or intermediate translations of text | ger |
| 082 04 - DEWEY DECIMAL CLASSIFICATION NUMBER | |
| Classification number | 833.912 |
| Item number | MUS |
| Edition number | 22 |
| 100 1# - MAIN ENTRY--PERSONAL NAME | |
| Personal name | Musil, Robert |
| Dates associated with a name | 1880-1942, |
| Relator term | author. |
| 9 (RLIN) | 39268 |
| 245 14 - TITLE STATEMENT | |
| Title | The man without qualities / |
| Statement of responsibility, etc | Robert Musil ; translated from the German by Sophie Wilkins ; editorial consultant, Burton Pike. |
| 264 #1 - PUBLICATION, DISTRIBUTION, ETC. (IMPRINT) | |
| Place of publication, distribution, etc | London : |
| Name of publisher, distributor, etc | Picador, |
| Date of publication, distribution, etc | 2011. |
| 300 ## - PHYSICAL DESCRIPTION | |
| Extent | xii, 1130 pages ; |
| Dimensions | 17 cm |
| 336 ## - CONTENT TYPE | |
| Source | rdacontent |
| Content type term | text |
| Content type code | txt |
| 337 ## - MEDIA TYPE | |
| Source | rdamedia |
| Media type term | unmediated |
| Media type code | n |
| 338 ## - CARRIER TYPE | |
| Source | rdacarrier |
| Carrier type term | volume |
| Carrier type code | nc |
| 505 ## - FORMATTED CONTENTS NOTE | |
| Formatted contents note | I. A sort of introduction -- II. Pseudoreality prevails -- III. Into the millennium. |
| 546 ## - LANGUAGE NOTE | |
| Language note | Text in English ; translated from the original German. |
| 650 #7 - SUBJECT ADDED ENTRY--TOPICAL TERM | |
| Source of heading or term | BUEsh |
| 9 (RLIN) | 39270 |
| Topical term or geographic name as entry element | German fiction |
| Chronological subdivision | 20th century |
| General subdivision | Translations into English. |
| 651 #7 - SUBJECT ADDED ENTRY--GEOGRAPHIC NAME | |
| Source of heading or term | BUEsh |
| 9 (RLIN) | 39271 |
| Geographic name | Vienna (Austria) |
| Form subdivision | Fiction. |
| 651 #7 - SUBJECT ADDED ENTRY--GEOGRAPHIC NAME | |
| Source of heading or term | BUEsh |
| 9 (RLIN) | 39272 |
| Geographic name | Austria |
| General subdivision | History |
| Chronological subdivision | 1867-1918 |
| Form subdivision | Fiction. |
| 653 ## - INDEX TERM--UNCONTROLLED | |
| Arrived date list | February2016 |
| Resource For college | Humanities: English |
| 655 ## - INDEX TERM--GENRE/FORM | |
| Form subdivision | Reading book |
| 9 (RLIN) | 34232 |
| 700 1# - ADDED ENTRY--PERSONAL NAME | |
| 9 (RLIN) | 39273 |
| Personal name | Wilkins, Sophie, |
| Relator term | translator. |
| 700 1# - ADDED ENTRY--PERSONAL NAME | |
| 9 (RLIN) | 39274 |
| Personal name | Pike, Burton, |
| Relator term | editor. |
| 942 ## - ADDED ENTRY ELEMENTS (KOHA) | |
| Source of classification or shelving scheme | Dewey Decimal Classification |
| Call number prefix | 833.912 MUS |
| Koha item type | Book - Borrowing |
| Withdrawn status | Lost status | Source of classification or shelving scheme | Damaged status | Not for loan | Collection code | Home library | Current library | Shelving location | Date acquired | Source of acquisition | Cost, normal purchase price | Serial Enumeration / chronology | Total Checkouts | Full call number | Barcode | Date last seen | Cost, replacement price | Koha item type |
|---|---|---|---|---|---|---|---|---|---|---|---|---|---|---|---|---|---|---|
| Dewey Decimal Classification | Baccah | Central Library | Central Library | Second Floor | 31/08/2015 | Purchase | 181.00 | 23317 | 833.912 MUS | 000039049 | 15/07/2025 | 226.00 | Book - Borrowing |